000 00295nam a22001337a 4500
008 170614b xxu||||| |||| 00| 0 eng d
020 _a9780199733705
041 _aeng
080 _a327
100 _a19
101 _aSHP
245 _aRETHINKIG WORLD POLITICS
_cCERNY.P.G
942 _2udc
_cBK
999 _c17359
_d17359